| 000 | 00753nam a2200241 a 4500 | ||
|---|---|---|---|
| 005 | 20240228064105.0 | ||
| 008 | 121024s2007 mx r 000 0 spa d | ||
| 020 | _a9788498262995 | ||
| 035 | _aUPN01000188037 | ||
| 049 | _aI | ||
| 050 | 4 |
_aPZ75 _bK4.3 |
|
| 100 | 1 |
_aKhalid, Mehraj, _d1976- _932887 |
|
| 245 | 1 | 4 |
_aUna cometa de paz / _cMehraj Khalid ; il. Felip Baldó. |
| 260 |
_aValencia, Esp. : _bECIR, _c2007. |
||
| 300 |
_a31 p. : _bprincipalmente il., col. |
||
| 440 | 0 |
_aMulticolor ; _v10. _pPequeños lectores de 6 a 8 años |
|
| 500 | _aEdición bilingüe | ||
| 650 | 4 |
_aLibros y lectura para niños _92290 |
|
| 650 | 4 |
_aLITERATURA INFANTIL PAKISTANI _921443 |
|
| 700 | 1 |
_aBaldó, Felip _eil. |
|
| 905 | _aInfantil | ||
| 999 |
_c160140 _d160140 |
||